00583nam a2200121Ia 4500008004100000082002600041100003500067245016400102260002400266300001100290502005600301650010400357120622s9999 xx 000 0 und d aT 345.7201 H557a 2000 aHernández Avila, José Luis aAnálisis jurídico del proceso jurisdiccional en cuanto a la función del juzgador, al ejecutar su resolución en México / José Luis Hernández Avila aMéxico : El autor a177 h. aTESIS (Lic. en derecho). -- Universidad Insurgentes a1. JURIDICCION PENAL - MEXICO \ 2. PROCESOS (DERECHO) \ 3. ADMINISTRACION DE JUSTICIA Y POLITICAÌ